Mixed Word: Multiple Common Bonds Quiz Stats

 Plays Quiz Updated May 11, 2012

Support Sporcle.
Go Orange.
Score 0/20 Timer 02:00
0 Plays Today
% Correct
Link
98.4%
Late
95.8%
Milk
93.1%
Check
92.7%
Ball
92.4%
Chip
92.2%
Girl
88.4%
Holy
86%
Gown
85.5%
Stool
81.9%
% Correct
Flat
80.2%
Right
78.6%
Court
76.4%
Eyed
71.5%
Multiply
71.2%
Legged
56.8%
Terror
52.4%
Walker
47.9%
Manure
45.7%
Soldier
45.6%

From the Vault

Almost Useless TV Trivia

by lolshortee

Being 'almost useless' means that this will certainly come in handy somewhere down the line.
Remove Ads.
Support Sporcle.
Get the best of Sporcle when you Go Orange. This ad-free experience offers more features, more stats, and more fun while also helping to support Sporcle. Thank you for becoming a member.

Show Comments

Extras

Top Quizzes Today


Score Distribution

Your Account Isn't Verified!

In order to create a playlist on Sporcle, you need to verify the email address you used during registration. Go to your Sporcle Settings to finish the process.

Report this User

Report this user for behavior that violates our Community Guidelines.

Details: